République Fédérale d´Allemagne = Federal Republic of Germany = República Federal de Alemania. (Record no. 5960)

MARC details
000 -CABECERA
campo de control de longitud fija 01054nam a2200265 a 4500
001 - NÚMERO DE CONTROL
campo de control BRCA_6273
005 - FECHA Y HORA DE LA ÚLTIMA TRANSACCIÓN
campo de control 20190320205408.0
008 - DATOS DE LONGITUD FIJA--INFORMACIÓN GENERAL
campo de control de longitud fija 290711s1972----gw-ao#####---#000-0#fre-#
041 ## - CÓDIGO DE LENGUA
Código de lengua del texto/banda sonora o título independiente freengspa
044 ## - CÓDIGO DEL PAÍS DE LA ENTIDAD EDITORA/PRODUCTORA
Código MARC del país gw
050 #4 - SIGNATURA TOPOGRÁFICA DE LA BIBLIOTECA DEL CONGRESO
Número de clasificación DD20
Número de documento/Ítem .R47 1972
245 10 - MENCIÓN DE TÍTULO
Título République Fédérale d´Allemagne = Federal Republic of Germany = República Federal de Alemania.
260 ## - PUBLICACIÓN, DISTRIBUCIÓN, ETC.
Lugar de publicación, distribución, etc. Alemania
Nombre del editor, distribuidor, etc. Comité d´ Organisation des XXémes Jeux Olympiques, Munich
Fecha de publicación, distribución, etc. 1972
300 ## - DESCRIPCIÓN FÍSICA
Extensión 3 v.
Otras características físicas il. a color
Dimensiones 30 cm.
500 ## - NOTA GENERAL
Nota general Son publicaciones turísticas de pocas páginas pero con excelentes fotografías
500 ## - NOTA GENERAL
Nota general C184
505 0# - NOTA DE CONTENIDO CON FORMATO
Nota de contenido con formato Contenido: v.1. Pays de vacances entre Munich et Kiel, villes des Jeux Olympiques 1972. -- v.2. Kiel 1972. -- v.3. Munich, ville des Jeux Olympiques de 1972
546 ## - NOTA DE LENGUA/LENGUAJE
Nota de lengua/lenguaje Texto en: francés, inglés y español
650 14 - PUNTO DE ACCESO ADICIONAL DE MATERIA--TÉRMINO DE MATERIA
Término de materia o nombre geográfico como elemento de entrada Olimpiadas
9 (RLIN) 15738
651 #4 - PUNTO DE ACCESO ADICIONAL DE MATERIA--NOMBRE GEOGRÁFICO
Nombre geográfico Alemania
Subdivisión general Descripción y viajes
9 (RLIN) 15739
740 0# - PUNTO DE ACCESO ADICIONAL--TÍTULO RELACIONADO O ANALÍTICO NO CONTROLADO
Título relacionado o analítico no controlado Federal Republic of Germany
740 0# - PUNTO DE ACCESO ADICIONAL--TÍTULO RELACIONADO O ANALÍTICO NO CONTROLADO
Título relacionado o analítico no controlado República Federal de Alemania
902 ## - CATALOGADOR
Iniciales GFM
942 ## - ELEMENTOS DE PUNTO DE ACCESO ADICIONAL (KOHA)
Fuente del sistema de clasificación o colocación Library of Congress Classification
Tipo de ítem Koha Libros
Holdings
Estado de retiro Estado de pérdida Estado dañado No para préstamo Localización permanente Ubicación/localización actual Fecha de adquisición Número de inventario Total de préstamos Signatura topográfica completa Código de barras Fecha visto por última vez Precio válido a partir de Tipo de ítem Koha
El ejemplar forma parte de la colección y puede ser consultado según las políticas vigentes.       Biblioteca del Museo Franz Mayer (Rogerio Casas-Alatriste) Biblioteca del Museo Franz Mayer (Rogerio Casas-Alatriste) 29/07/2011 C184   DD20 .R47 1972 (C184) 6712 22/03/2019 22/03/2019 Libros